| 000 | 01616cam a22004454i 4500 | ||
|---|---|---|---|
| 003 | PE-LiUPU | ||
| 005 | 20250731173034.0 | ||
| 008 | 150623s r 000 0 d | ||
| 020 | _a1563382148 | ||
| 035 | _a(Sirsi) i9781563382147 | ||
| 040 |
_aPE-LiUPU _bspa _cPE-LiUPU _erda |
||
| 049 | _aPRUA | ||
| 082 | 0 | 4 |
_a226.066 _bG34 _221 |
| 100 | 1 |
_aKingsbury, Jack Dean, _eed., _eautor. |
|
| 245 | 1 | 0 |
_aGospel : _binterpretation narrative-critical and social-scientific approaches / _cKingsbury, Jack Dean. |
| 264 | 1 |
_aHarrisburg, Pennsylvania : _bTrinity Press International, _c1997. |
|
| 300 |
_a307 páginas : _bilustraciones, gráficos, cuadros ; _c23 centímetros |
||
| 336 |
_atext _2rdacontent |
||
| 337 |
_aunmediated _2rdamedia |
||
| 338 |
_avolume _2rdacarrier |
||
| 505 | 0 | _aThe gospel of Matthew. -The gospel of Mark. -The gospel of Luke. -The gospel of John. -The historical Jesus. | |
| 526 | _aSEG42 | ||
| 526 | _aSEG41 | ||
| 526 | _aSEG40 | ||
| 526 | _aSEG39 | ||
| 526 | _aP94 | ||
| 526 | _aP87 | ||
| 526 | _aP86 | ||
| 526 | _aP85 | ||
| 526 | _aP77 | ||
| 526 | _aP76 | ||
| 526 | _aP35 | ||
| 630 |
_aBiblia. _pN.T. _pEvangelios _xCrítica, interpretación, etc. |
||
| 942 |
_2ddc _cBOOK |
||
| 949 |
_a226.066 G34 _wDEWEY _c1 _i48001 _lCCODEBUL1 _mBUL _r0 _sY _tBOOK _u2015-6-24 _xTEOLOGIA _PP35 _0COMPRA _o.STAFF. Colección General |
||
| 994 |
_aC0 _bPEPRU |
||
| 596 | _a1 | ||
| 999 |
_a226.066 G34 _wDEWEY _c25528 _i48001 _f2021-11-9 _g5 _lCCODEBUL1 _mBUL _r0 _sY _tBOOK _u2015-6-24 _xTEOLOGIA _PP35 _0COMPRA _o.STAFF. Colección General _d25528 |
||
| 980 |
_81 _gALBERTO SANCHEZ Responsable de Automatización |
||